[Event "GER-ch-Seniors-50 2019"]
[Site "Radebeul"]
[Date "2019.04.28"]
[Round "3.4"]
[White "Reitmaier, Adolf"]
[Black "Held, Peter"]
[Result "0-1"]
[WhiteElo "1476"]
[BlackElo "2179"]
[Annotator "NA"]
[PlyCount "60"]
[EventDate "2019.04.26"]
[EventType "swiss"]
[EventCountry "GER"]
[SourceTitle "playchess.com"]
[Source "ChessBase"]
[SourceQuality "1"]
[TimeControl "40/5400+30:1800+30"]

1. c4 {[%emt 0:00:00]} c6 {[%emt 0:00:00]} 2. Nc3 {[%emt 0:00:00]} d5 {[%emt 0:00:00]} 3. d4 {[%emt 0:00:16]} dxc4 {[%emt 0:00:14]} 4. e4 {[%emt 0:00:16]} b5 {[%emt 0:00:25]} 5. Nf3 {[%emt 0:01:02]} Bg4 {[%emt 0:05:42]} 6. Be2 {[%emt 0:00:34]} Nf6 {[%emt 0:03:08]} 7. O-O {[%emt 0:01:15]} e6 {[%emt 0:05:53]} 8. Bg5 {[%emt 0:00:51]} h6 {[%emt 0:00:52]} 9. Bxf6 {[%emt 0:02:14]} Qxf6 {[%emt 0:01:21]} 10. d5 {[%emt 0:02:31]} b4 {[%emt 0:12:12]} 11. Na4 {[%emt 0:05:49]} exd5 {[%emt 0:10:57]} 12. exd5 {[%emt 0:01:15]} Bd6 {[%emt 0:01:05]} 13. Bxc4 {[%emt 0:04:46]} O-O {[%emt 0:02:21]} 14. dxc6 {[%emt 0:00:48]} Bxf3 {[%emt 0:14:18]} 15. Qxf3 {[%emt 0:03:20]} Qh4 {[%emt 0:00:58]} 16. g3 {[%emt 0:05:09]} Qxc4 {[%emt 0:00:21]} 17. Rfc1 {[%emt 0:01:52]} Qb5 {[%emt 0:03:52]} 18. b3 {[%emt 0:00:22]} Rc8 {[%emt 0:05:59]} 19. Qd1 {[%emt 0:03:45]} Be7 {[%emt 0:05:47]} 20. c7 {[%emt 0:03:54]} Na6 {[%emt 0:01:57]} 21. Qf3 {[%emt 0:00:55]} Bf6 {[%emt 0:14:06]} 22. Qxa8 {[%emt 0:10:58]} Rxa8 {[%emt 0:00:04]} 23. c8=Q+ Rxc8 {[%emt 0:00:16]} 24. Rxc8+ {[%emt 0:00:14]} Kh7 {[%emt 0:00:11]} 25. Rac1 {[%emt 0:00:13]} Bd4 {[%emt 0:02:55]} 26. R1c2 {[%emt 0:01:41]} Nb8 {[%emt 0:02:45]} 27. R2c4 {[%emt 0:03:58]} Qf5 {[%emt 0:00:40]} 28. Rc2 {[%emt 0:01:07]} Bc3 {[%emt 0:00:55]} 29. R2xc3 {[%emt 0:01:24]} bxc3 {[%emt 0:00:07]} 30. Rxc3 {[%emt 0:00:14]} Nd7 {[%emt 0:00:46]} 0-1

[Event "GER-ch-Seniors-50 2019"]
[Site "Radebeul"]
[Date "2019.04.28"]
[Round "3.5"]
[White "Terhorst, Jochen"]
[Black "Krien, Hartmut"]
[Result "1/2-1/2"]
[WhiteElo "2165"]
[BlackElo "1853"]
[Annotator "NA"]
[PlyCount "30"]
[EventDate "2019.04.26"]
[EventType "swiss"]
[EventCountry "GER"]
[SourceTitle "playchess.com"]
[Source "ChessBase"]
[SourceQuality "1"]
[TimeControl "40/5400+30:1800+30"]

1. e4 {[%emt 0:00:00]} Nf6 {[%emt 0:00:00]} 2. e5 {[%emt 0:00:00]} Nd5 {[%emt 0:00:00]} 3. d4 {[%emt 0:00:00]} d6 {[%emt 0:00:00]} 4. Bc4 {[%emt 0:00:00]} Nb6 {[%emt 0:00:14]} 5. Bb3 {[%emt 0:00:02]} a5 {[%emt 0:00:35]} 6. a4 {[%emt 0:00:23]} g6 {[%emt 0:00:29]} 7. e6 {[%emt 0:08:03]} Bxe6 {[%emt 0:02:10]} 8. Bxe6 {[%emt 0:04:32]} fxe6 {[%emt 0:00:11]} 9. Nh3 {[%emt 0:03:07]} Qd7 {[%emt 0:13:59]} 10. O-O {[%emt 0:06:49]} Nc6 {[%emt 0:03:42]} 11. Re1 {[%emt 0:04:41]} Bg7 {[%emt 0:01:02]} 12. Ng5 {[%emt 0:06:48]} Nxd4 {[%emt 0:04:45]} 13. Be3 {[%emt 0:02:11]} Nf5 {[%emt 0:03:33]} 14. Bxb6 {[%emt 0:00:33]} cxb6 {[%emt 0:00:36]} 15. Nxe6 {[%emt 0:02:48]} Bxb2 {[%emt 0:01:09]} 1/2-1/2

[Event "GER-ch-Seniors-50 2019"]
[Site "Radebeul"]
[Date "2019.04.28"]
[Round "3.6"]
[White "Schmidt, Gerhard"]
[Black "Schatz, Christian"]
[Result "1-0"]
[WhiteElo "2172"]
[BlackElo "2150"]
[Annotator "NA"]
[PlyCount "100"]
[EventDate "2019.04.26"]
[EventType "swiss"]
[EventCountry "GER"]
[SourceTitle "playchess.com"]
[Source "ChessBase"]
[SourceQuality "1"]
[TimeControl "40/5400+30:1800+30"]

1. Nf3 {[%emt 0:00:00]} Nf6 {[%emt 0:00:00]} 2. c4 {[%emt 0:00:00]} g6 {[%emt 0:00:32]} 3. g3 {[%emt 0:00:30]} Bg7 {[%emt 0:00:25]} 4. Bg2 {[%emt 0:00:17]} O-O {[%emt 0:00:13]} 5. d4 {[%emt 0:00:33]} d6 {[%emt 0:00:51]} 6. O-O {[%emt 0:00:22]} Nbd7 {[%emt 0:02:05]} 7. Nc3 {[%emt 0:00:27]} e5 {[%emt 0:00:16]} 8. e4 {[%emt 0:00:51]} c6 {[%emt 0:01:52]} 9. h3 {[%emt 0:00:40]} exd4 {[%emt 0:02:22]} 10. Nxd4 {[%emt 0:00:26]} Re8 {[%emt 0:00:39]} 11. Be3 {[%emt 0:01:24]} Nb6 {[%emt 0:05:59]} 12. b3 {[%emt 0:10:19]} d5 {[%emt 0:02:27]} 13. c5 {[%emt 0:02:34]} Nbd7 {[%emt 0:00:53]} 14. exd5 {[%emt 0:00:35]} Nxd5 {[%emt 0:01:43]} 15. Nxd5 {[%emt 0:01:10]} cxd5 {[%emt 0:00:13]} 16. Rc1 {[%emt 0:04:29]} Ne5 {[%emt 0:04:14]} 17. Nb5 {[%emt 0:07:12]} Be6 {[%emt 0:02:10]} 18. Nd6 {[%emt 0:01:53]} Rf8 {[%emt 0:04:54]} 19. Nxb7 {[%emt 0:10:42]} Qd7 {[%emt 0:04:19]} 20. Nd6 {[%emt 0:04:05]} Bxh3 {[%emt 0:02:15]} 21. Qxd5 {[%emt 0:01:46]} Bxg2 {[%emt 0:01:51]} 22. Kxg2 {[%emt 0:01:06]} Rad8 {[%emt 0:03:54]} 23. Bd4 {[%emt 0:09:56]} Rfe8 {[%emt 0:05:00]} 24. Rfd1 {[%emt 0:03:50]} Re6 {[%emt 0:09:20]} 25. Ba1 {[%emt 0:00:51]} h5 {[%emt 0:02:18]} 26. Kg1 {[%emt 0:13:04]} h4 {[%emt 0:05:09]} 27. gxh4 {[%emt 0:06:28]} g5 {[%emt 0:18:26]} 28. hxg5 {[%emt 0:05:06]} Rg6 {[%emt 0:02:06]} 29. Bxe5 {[%emt 0:08:21]} Rxg5+ {[%emt 0:00:14]} 30. Bg3 {[%emt 0:00:29]} Rxd5 {[%emt 0:00:30]} 31. Rxd5 {[%emt 0:00:07]} Qc6 {[%emt 0:07:57]} 32. Nf5 {[%emt 0:01:22]} Qe8 {[%emt 0:03:21]} 33. Rxd8 {[%emt 0:01:07]} Qxd8 {[%emt 0:00:00]} 34. c6 {[%emt 0:00:53]} Qd2 {[%emt 0:00:16]} 35. Rc4 {[%emt 0:01:15]} Qd1+ {[%emt 0:00:09]} 36. Kh2 {[%emt 0:01:43]} Qh5+ {[%emt 0:00:21]} 37. Nh4 {[%emt 0:00:16]} Be5 {[%emt 0:00:30]} 38. Bxe5 {[%emt 0:00:44]} Qxe5+ {[%emt 0:00:09]} 39. f4 {[%emt 0:00:27]} Qe2+ {[%emt 0:00:54]} 40. Ng2 {[%emt 0:00:28]} Qh5+ {[%emt 0:00:16]} 41. Kg3 {[%emt 0:30:45]} Qg6+ {[%emt 0:30:20]} 42. Kf2 {[%emt 0:00:24]} Qf5 {[%emt 0:03:57]} 43. c7 {[%emt 0:00:49]} Qc8 {[%emt 0:00:03]} 44. Ne3 {[%emt 0:01:05]} Kg7 {[%emt 0:03:17]} 45. Nf5+ {[%emt 0:01:01]} Kf6 {[%emt 0:00:32]} 46. Nd6 {[%emt 0:00:17]} Qh3 {[%emt 0:00:36]} 47. Ne4+ {[%emt 0:00:00]} Kg7 {[%emt 0:00:00]} 48. c8=Q {[%emt 0:00:00]} Qh2+ {[%emt 0:00:00]} 49. Ke3 {[%emt 0:00:00]} Qg1+ {[%emt 0:00:00]} 50. Ke2 {[%emt 0:00:00]} Qg2+ {[%emt 0:00:00] Qc5} 1-0

[Event "GER-ch-Seniors-50 2019"]
[Site "Radebeul"]
[Date "2019.04.29"]
[Round "4.1"]
[White "Belke, Frank"]
[Black "Nekrasov, Mihail"]
[Result "0-1"]
[WhiteElo "2283"]
[BlackElo "2277"]
[Annotator "TA"]
[PlyCount "93"]
[EventDate "2019.04.26"]
[EventType "swiss"]
[EventCountry "GER"]
[SourceTitle "playchess.com"]
[Source "ChessBase"]
[SourceQuality "1"]

{[%evp 10,93,12,6,14,6,29,24,8,19,17,27,27,0,0,3,7,6,15,16,31,8,11,7,9,0,5,5,4,-10,0,-10,3,0,3,3,10,3,3,3,10,10,10,10,27,27,27,27,27,26,27,26,27,26,26,26,27,27,27,27,27,27,27,27,27,27,27,27,27,27,27,27,27,27,27,27,27,27,27,27,27,27,27,27,27,26]} 1. d4 Nf6 2. c4 e6 3. Nc3 Bb4 4. Nf3 d5 5. Qb3 c5 6. dxc5 Nc6 {[#] Hoping for ...d4. D38: Queen's Gambit Declined: Ragozin Defence (4 Nf3 Bb4)} (6... Na6 7. a3 Bxc3+ 8. Qxc3 Nxc5 9. cxd5 Qxd5 10. Be3 Nce4 11. Qe5 Qxe5 12. Nxe5 Nd5 13. Bc1 Bd7 14. f3 {½-½ (34) Nisipeanu,L (2672)-Wojtaszek,R (2733) Dortmund 2018}) 7. Bg5 Qa5 {And now ...d4 would win.} 8. Bxf6 dxc4 9. Qxc4 gxf6 10. Rc1 Qxc5 11. e3 (11. Qh4 {keeps more tension.} Ke7 12. g3 Bxc3+ 13. bxc3 b6 14. Bg2) 11... Qxc4 12. Bxc4 Bd7 13. a3 $146 ({Predecessor:} 13. Ke2 Ke7 14. a3 Bxc3 15. Rxc3 {1-0 (72) L'Ami,E (2622)-Tan,Z (2466) Reykjavik 2013}) 13... Bxc3+ 14. Rxc3 Ne5 15. Nxe5 fxe5 16. Be2 Bc6 17. Bf3 e4 18. Be2 Ke7 19. Kd2 Rhd8+ 20. Kc2 Rac8 21. b3 Bd5 22. Rd1 Rg8 {[#] White must now prevent ...Rxc3+.} 23. Rxc8 Rxc8+ $11 {[%mdl 4096] Endgame KRB-KRB} 24. Kb2 Rg8 25. g3 Rc8 26. Rd2 h6 27. Rc2 {White has an edge.} Rxc2+ 28. Kxc2 {KB-KB} Kd6 29. b4 b6 30. Ba6 Bc6 31. Bc4 Bd5 32. Be2 f6 33. Kc3 Bc6 34. Bd1 Bd5 35. Bc2 e5 36. Bd1 Kc6 37. Be2 Kd6 38. Bg4 Kc6 39. Bf5 Kd6 40. Bg6 Kc6 41. Be8+ Kd6 42. Ba4 Be6 43. Bb5 Bd5 44. Ba6 Kc6 45. Kd2 Be6 {Threatens to win with ...b5.} 46. Be2 Bd5 47. Ke1 {[%mdl 32768] Accuracy: White = 77%, Black = 67%. . Sensor Board Error (Ke4/e5)?} 0-1

[Event "GER-ch-Seniors-50 2019"]
[Site "Radebeul"]
[Date "2019.04.29"]
[Round "4.2"]
[White "Schmidt, Gerhard"]
[Black "Metz, Hartmut"]
[Result "0-1"]
[WhiteElo "2172"]
[BlackElo "2251"]
[Annotator "TA"]
[PlyCount "36"]
[EventDate "2019.04.26"]
[EventType "swiss"]
[EventCountry "GER"]
[SourceTitle "playchess.com"]
[Source "ChessBase"]
[SourceQuality "1"]

{[%evp 12,58,25,25,60,52,57,56,93,-28,-27,-241,-249,-253,-242,-237,-229,-360,-350,-481,-474,-466,-205,-204,-193,-320,-298,-419,-265,-345,-308,-332,-345,-338,-359,-475,-476,-468,-384,-404,-386,-484,-460,-791,-784,-5718,-5710,-5706,-1585]} 1. Nf3 d5 2. d4 Nf6 3. c4 c6 4. Nc3 a6 5. c5 Nbd7 6. Bf4 Nh5 7. Bd2 Qc7 {D15: Slav Defence: 4 Nc3 a6 and gambit lines after 4 Nc3 dxc4} (7... Nhf6 8. Qc2 g6 9. g3 Bg7 10. Bg2 O-O 11. O-O b6 12. cxb6 Nxb6 13. Ne5 Bf5 14. e4 dxe4 15. Nxc6 {½-½ (35) Postny,E (2621)-Malakhov,V (2666) Biograd 2018}) 8. e4 dxe4 $1 9. Nxe4 Ndf6 {White is slightly better.} 10. Bc4 $146 ({White should try} 10. Neg5 $1 $16) ({Predecessor:} 10. Nxf6+ Nxf6 11. Bc4 Bf5 12. O-O e6 13. Re1 Be7 14. Ne5 Rd8 15. Bf4 {0-1 (40) Perelshteyn,E (2505)-Benjamin,J (2554) San Diego 2004}) 10... Nxe4 $11 11. Bxf7+ $2 (11. Ne5 $11 {and White stays safe.} g6 12. Bxf7+ Kd8 13. Be3) 11... Kxf7 $19 12. Ne5+ Kg8 ({Don't do} 12... Ke8 13. Qxh5+ g6 14. Nxg6 $19) 13. Qxh5 {[%csl Ge5][%cal Rh5f7]} Be6 14. Be3 (14. Bc3 {is a better defense.}) 14... Qa5+ 15. Ke2 Qb5+ {[%mdl 64] Double Attack} 16. Nd3 Qc4 ({Resist} 16... Bc4 17. Rad1 $19) (16... g6 $142 17. Qh4 Bf5) 17. Rhc1 Qd5 $1 {[%cal Rd5h5]} ({Weaker is} 17... Qb5 18. Qe5 $1 $11 {[%mdl 512]}) 18. Ne5 (18. Qe5 {was necessary.}) 18... Nd6 {Played: Ne4-f6} 0-1

[Event "GER-ch-Seniors-50 2019"]
[Site "Radebeul"]
[Date "2019.04.29"]
[Round "4.3"]
[White "Held, Peter"]
[Black "Valet, Richard"]
[Result "1-0"]
[WhiteElo "2179"]
[BlackElo "2051"]
[Annotator "TA"]
[PlyCount "77"]
[EventDate "2019.04.26"]
[EventType "swiss"]
[EventCountry "GER"]
[SourceTitle "playchess.com"]
[Source "ChessBase"]
[SourceQuality "1"]

{[%evp 16,77,29,26,28,20,34,14,24,26,25,17,67,42,58,13,19,15,67,65,66,67,76,78,75,68,78,78,76,53,52,51,50,42,42,42,41,40,42,40,60,60,53,38,39,39,39,40,39,31,35,33,38,22,43,31,38,8,79,72,116,111,111,1]} 1. e4 c5 2. Nf3 Nc6 3. c3 d5 4. exd5 Qxd5 5. d4 cxd4 6. cxd4 e5 7. Nc3 {[%cal Bb1c3,Bc3b5,Bb5d4][%mdl 32]} Bb4 8. Be2 exd4 9. O-O Qd8 {B22: Sicilian: 2 c3} 10. Nb5 {Bf4 is the strong threat.} Nge7 (10... Nf6 11. Nfxd4 Nxd4 12. Qxd4 Qxd4 13. Nxd4 O-O 14. Bf3 Rd8 15. Nb3 Bg4 16. Bxb7 Rab8 17. Bf3 Bxf3 18. gxf3 {1-0 (40) Szabo,G (2541)-Secheres,A (2404) Olanesti 2018}) 11. Nfxd4 Nxd4 {The position is equal.} 12. Qxd4 Qxd4 13. Nxd4 Bd7 $146 ({Predecessor:} 13... O-O 14. Bf3 Rd8 15. Be3 Nd5 16. Bg5 Be7 17. Bxe7 Nxe7 {½-½ (50) Kerkhof,P (2240)-Riemens,A (2185) Antwerp 1999}) 14. Bf4 Rc8 15. Rac1 O-O 16. Bf3 Nc6 (16... b6 $11) 17. Nxc6 $14 Bxc6 18. Bxc6 Rxc6 19. Rxc6 bxc6 {[%mdl 4096] Endgame KRB-KRB} 20. Rc1 Rc8 21. Be3 a6 22. Kf1 Kf8 23. Ke2 Ke7 24. Bc5+ Bxc5 25. Rxc5 {KR-KR} Kd6 26. Ra5 Rb8 27. b3 Rb6 28. Kd3 c5 29. Ra4 Kd5 30. Rf4 Rd6 31. Kc3 f6 32. Ra4 Re6 33. Kd3 Rd6 34. Re4 Rd7 35. Re8 Kc6+ 36. Kc3 Kb6 (36... Rd1 $11) 37. Re6+ $16 {White is better.} Kb5 38. a4+ Ka5 39. Kc4 {[%mdl 32768] Accuracy: White = 72%, Black = 44%. . Sensor Board Error (Ke4/e5)?} (39. Rc6 $16) 1-0

[Event "GER-ch-Seniors-50 2019"]
[Site "Radebeul"]
[Date "2019.04.29"]
[Round "4.4"]
[White "Koehler, Gerhard"]
[Black "Stahr, Ralf-Peter"]
[Result "1-0"]
[WhiteElo "2153"]
[BlackElo "2160"]
[Annotator "TA"]
[PlyCount "91"]
[EventDate "2019.04.26"]
[EventType "swiss"]
[EventCountry "GER"]
[SourceTitle "playchess.com"]
[Source "ChessBase"]
[SourceQuality "1"]

{[%evp 9,99,25,39,33,30,23,43,40,77,86,79,78,81,88,107,98,80,83,84,73,106,117,112,101,109,115,100,111,115,119,145,151,136,39,52,46,39,47,39,33,47,43,43,14,237,246,236,236,314,326,285,324,308,321,310,302,335,305,297,296,286,287,270,270,380,380,380,338,403,319,381,201,403,403,502,484,740,728,690,668,782,757,717,686,29954,12843,8091,8357,29983,29984,29988,29989]} 1. c4 e5 2. g3 Nf6 3. Bg2 c6 4. d4 d6 5. Nc3 Be7 6. e4 {A53: Old Indian Defence without Nf3} O-O 7. Nge2 Na6 8. O-O {White is slightly better.} Qc7 9. h3 exd4 10. Nxd4 Nc5 11. b4 Ne6 {[#]} 12. Nf5 $1 Rd8 13. Be3 Bf8 14. Rc1 g6 15. Nh6+ Kh8 16. Qf3 Bg7 17. Nd5 cxd5 18. cxd5 Qe7 19. dxe6 Bxe6 20. Bg5 Rac8 21. Ng4 ({White should try} 21. a3 $16) 21... Bxg4 $14 22. hxg4 h6 23. Be3 b6 24. g5 hxg5 25. Bxg5 Qe6 26. Qf4 {[#] Hoping for Qh4+.} Re8 $2 (26... Kg8 $11 {and Black has nothing to worry.}) 27. Qh4+ $18 Nh7 28. Bh3 Rxc1 29. Bxe6 Rxf1+ 30. Kxf1 Rxe6 31. Be3 Bf6 32. Qg4 Bc3 33. Qd1 Nf6 34. Bd4 Bxd4 35. Qxd4 {[%mdl 4096] Endgame KQ-KRN} Kg8 36. f3 g5 (36... Ne8 $142 37. Kf2 Re7) 37. g4 Kg7 38. Kf2 Kg6 39. Qd3 {And now e5+ would win.} Kg7 40. Qd2 (40. Qc3 $142) 40... Kg6 $2 (40... Re5 41. a4 Ne8) 41. Qc2 {Strongly threatening e5+.} Kg7 42. Qc7 a5 (42... a6 $142 43. Qxb6 d5) 43. bxa5 bxa5 44. Qxa5 d5 45. exd5 Rd6 46. Qc5 {Played: Qa5-c3} 1-0

[Event "GER-ch-Seniors-50 2019"]
[Site "Radebeul"]
[Date "2019.04.29"]
[Round "4.5"]
[White "Loew, Gerald"]
[Black "Terhorst, Jochen"]
[Result "1-0"]
[WhiteElo "2157"]
[BlackElo "2165"]
[Annotator "TA"]
[PlyCount "91"]
[EventDate "2019.04.26"]
[EventType "swiss"]
[EventCountry "GER"]
[SourceTitle "playchess.com"]
[Source "ChessBase"]
[SourceQuality "1"]

{[%evp 9,91,8,15,13,18,22,23,21,40,29,42,-3,61,49,50,22,50,24,70,70,187,190,182,177,186,172,179,185,246,183,202,201,205,218,245,250,258,235,289,247,306,301,439,433,477,464,543,534,537,501,694,687,678,674,662,664,638,631,618,600,604,596,604,597,596,588,592,584,563,528,720,711,719,715,1133,1084,1008,868,874,873,839,822,1454,1210]} 1. c4 e6 2. g3 d5 3. Bg2 dxc4 4. Qa4+ c6 (4... Qd7 5. Qxc4 c5 6. Qc2 Nc6 7. Nf3 Nf6 8. O-O Be7 9. d3 O-O 10. Be3 Qc7 11. Nc3 Bd7 12. Rac1 {½-½ (37) Nakamura,H (2763)-Nabaty,T (2692) Batumi 2018}) 5. Qxc4 b5 6. Qc2 {A13: English Opening: 1...e6} Bb7 7. a4 a6 8. Nc3 {White has an edge.} b4 9. Ne4 Nd7 {...f5 is the strong threat.} 10. d4 $146 ({Predecessor:} 10. d3 Ngf6 11. Nh3 Be7 12. O-O {0-1 (47) Taleb,S (2054)-Zozik,S (2252) Baghdad 2018}) 10... Ngf6 ({Better is} 10... c5 $11) 11. Nxf6+ $14 Qxf6 12. Nf3 $36 {[%mdl 2048] Black is under pressure.} c5 13. Bg5 Qg6 14. Qd2 $1 {Hoping for Nh4.} h6 ({Black should play} 14... f6 $14 15. Be3 Qh5) 15. Ne5 $18 {[%mdl 64] [#] Discovered Attack} Qxg5 16. Bxb7 Qxd2+ 17. Kxd2 Nxe5 18. Bxa8 cxd4 (18... Nc4+ {was necessary.} 19. Kc2 Na5) 19. b3 Bd6 20. f4 Nd7 21. Bc6 Ke7 {[#]} 22. Bxd7 $1 Kxd7 {[%mdl 4096] Endgame KRR-KRB} 23. Rac1 f6 24. Kd3 e5 25. fxe5 fxe5 (25... Bxe5 $142 26. Rc4 a5) 26. Ke4 {White is clearly winning.} h5 27. Kd5 h4 28. Rhf1 hxg3 29. hxg3 Ke7 30. Rc6 {[%mdl 64] Double Attack} Rd8 31. Rxa6 Bb8+ 32. Ke4 d3 33. exd3 Rd4+ 34. Ke3 Rg4 35. Rf3 Bd6 36. Rc6 Ke6 37. Rc4 Rg6 38. g4 Kd5 39. Rf7 Bc5+ 40. Kf3 Kd6 41. Rf8 Kd5 42. Rd8+ Bd6 43. Rxb4 Rf6+ 44. Ke2 Kc6 45. Rc4+ Kd5 46. b4 {Accuracy: White = 84%, Black = 42%.} 1-0

[Event "GER-ch-Seniors-50 2019"]
[Site "Radebeul"]
[Date "2019.04.29"]
[Round "4.6"]
[White "Krien, Hartmut"]
[Black "Mueller, Michael"]
[Result "0-1"]
[WhiteElo "1853"]
[BlackElo "2163"]
[Annotator "TA"]
[PlyCount "88"]
[EventDate "2019.04.26"]
[EventType "swiss"]
[EventCountry "GER"]
[SourceTitle "playchess.com"]
[Source "ChessBase"]
[SourceQuality "1"]

{[%evp 11,88,33,31,30,37,14,14,14,12,22,17,2,37,31,38,32,36,22,39,21,43,23,37,31,60,55,58,56,85,89,93,77,71,75,112,38,66,55,102,96,102,65,69,71,136,56,38,11,15,-26,-22,-52,0,0,0,0,0,0,0,0,0,0,0,-298,-295,-29962,-29955,-29956,-11339,-29952,-12457,-29979,-29980,-29973,-29974,-29975,-29975,-6207,-6203]} 1. e4 d5 2. exd5 Qxd5 3. Nc3 Qa5 4. d4 c6 5. Nf3 Bf5 6. Bd3 e6 7. O-O {B01: Scandinavian Defence} Nf6 (7... Bg6 8. Re1 Nf6 9. Ne5 Nbd7 10. Nc4 Qc7 11. Qf3 Nb6 12. Bf4 Qd8 13. Nxb6 axb6 14. Be5 Bb4 15. Bxg6 hxg6 {0-1 (60) Petukhov,D (2392)-Romanov,E (2589) Voronezh 2009}) 8. Bxf5 Qxf5 9. Ne2 {The position is equal.} Bd6 10. Ng3 Qa5 11. Qe1 $146 ({Predecessor:} 11. Bd2 Qc7 12. Qe2 Nbd7 13. Ne4 Nxe4 14. Qxe4 Nf6 15. Qe2 O-O-O {1-0 (52) Morganti,N (1653)-Rossi,P (1861) Bastia 2008}) 11... Qc7 12. Nf5 O-O 13. Nxd6 Qxd6 14. Qe5 Qb4 15. c3 Qb6 16. Bh6 {[#] And now Bxg7! would win.} Nbd7 17. Qg3 $36 {[%csl Gh6][%cal Rg3g7][%mdl 2048] Black is under pressure.} Ne8 18. Ne5 Nxe5 19. dxe5 Kh8 20. Be3 Qc7 21. Bc5 Rg8 22. Rad1 Rd8 23. f4 ({Stronger than} 23. Bxa7 Rxd1 24. Rxd1 b6 $17) (23. Rxd8 $16 Qxd8 24. Bxa7) 23... Rd5 24. Ba3 ({Weaker is} 24. Bxa7 b6 $17) (24. Bd4 {is interesting.} c5 25. Bf2 Qd7 26. Qf3 b6 27. c4) 24... b5 25. Rxd5 cxd5 26. Qe3 g6 27. Qc5 Kg7 (27... a6 $142) 28. Qxc7 (28. Qxb5 $16 Qb6+ 29. Qxb6 axb6 30. Kf2) 28... Nxc7 $16 {[%mdl 4096] Endgame KRB-KRN} 29. Bd6 Rc8 30. Bxc7 Rxc7 $11 {KR-KR} 31. Rd1 f6 (31... b4 $15 32. Rd3 Rb7) 32. exf6+ Kxf6 33. Rd4 g5 34. fxg5+ Kxg5 35. Kf2 Kf5 36. Rb4 a6 37. a4 $2 {[%mdl 8192]} (37. Rh4 $11) 37... Rc4 $19 38. b3 $2 {[#]} (38. Rb3 $19 Rxa4 39. Kf3) 38... Rxb4 $1 39. cxb4 {KP-KP} Kf4 40. Ke2 e5 41. Kd2 e4 42. Ke2 d4 43. Kf2 e3+ 44. Ke2 Ke4 {Accuracy: White = 43%, Black = 53%.} 0-1

[Event "GER-ch-Seniors-50 2019"]
[Site "Radebeul"]
[Date "2019.04.30"]
[Round "5.1"]
[White "Nekrasov, Mihail"]
[Black "Koehler, Gerhard"]
[Result "1-0"]
[WhiteElo "2277"]
[BlackElo "2153"]
[Annotator "NA"]
[PlyCount "59"]
[EventDate "2019.04.26"]
[EventType "swiss"]
[EventCountry "GER"]
[SourceTitle "playchess.com"]
[Source "ChessBase"]
[SourceQuality "1"]
[TimeControl "40/5400+30:1800+30"]

1. e4 {[%emt 0:00:00]} e6 {[%emt 0:00:00]} 2. d4 {[%emt 0:00:11]} d5 {[%emt 0:00:00]} 3. Nd2 {[%emt 0:00:48]} Nf6 {[%emt 0:00:19]} 4. e5 {[%emt 0:01:04]} Nfd7 {[%emt 0:00:22]} 5. Bd3 {[%emt 0:00:18]} c5 {[%emt 0:01:09]} 6. c3 {[%emt 0:00:17]} Nc6 {[%emt 0:03:17]} 7. Ne2 {[%emt 0:00:45]} Qb6 {[%emt 0:03:32]} 8. Nf3 {[%emt 0:00:25]} cxd4 {[%emt 0:01:28]} 9. cxd4 {[%emt 0:00:14]} Be7 {[%emt 0:08:10]} 10. O-O {[%emt 0:09:09]} Qd8 {[%emt 0:06:49]} 11. a3 {[%emt 0:02:20]} Nb6 {[%emt 0:01:12]} 12. b3 {[%emt 0:07:43]} Bd7 {[%emt 0:00:54]} 13. Bd2 {[%emt 0:00:27]} a5 {[%emt 0:06:06]} 14. Nc3 {[%emt 0:01:45]} f5 {[%emt 0:07:05]} 15. exf6 {[%emt 0:03:49]} gxf6 $18 {[%emt 0:18:05]} (15... Bxf6 $16 {was necessary.} 16. Nb5 O-O) 16. Nh4 {[%emt 0:02:34]} Bc8 {[%emt 0:14:35]} 17. Nb5 {[%emt 0:01:47]} Kd7 {[%emt 0:00:38]} 18. Bf4 {[%emt 0:20:21]} Qg8 {[%emt 0:00:14]} 19. Nc7 {[%emt 0:00:22]} Nxd4 {[%emt 0:01:29]} 20. Nxa8 {[%emt 0:00:38]} Nxa8 {[%emt 0:00:20]} 21. b4 {[%emt 0:04:16]} Nc6 {[%emt 0:09:28]} 22. Bg3 {[%emt 0:01:18]} Qg7 {[%emt 0:05:08]} 23. Re1 {[%emt 0:03:18]} Kd8 {[%emt 0:07:02]} 24. Bb5 {[%emt 0:07:19]} Ne5 {[%emt 0:01:09]} 25. Qd4 {[%emt 0:09:49]} Bd6 {[%emt 0:00:47]} 26. f4 {[%emt 0:02:18]} Nf7 {[%emt 0:00:29]} 27. Rac1 {[%emt 0:01:04]} axb4 {[%emt 0:01:09]} 28. axb4 {[%emt 0:00:12]} Bc7 {[%emt 0:00:10]} 29. Qd3 {[%emt 0:04:48]} f5 {[%emt 0:01:08]} 30. Nxf5 {[%emt 0:02:37]} 1-0